<?xml version="1.0" encoding="UTF-8"?>
<marc:record xmlns:marc="http://www.loc.gov/MARC21/slim">
   <marc:leader>00000nam a2200000 a 4500</marc:leader>
   <marc:datafield ind1="1" ind2=" " tag="100">
      <marc:subfield code="a">Brecht, Bertolt</marc:subfield>
      <marc:subfield code="4">aut</marc:subfield>
      <marc:subfield code="e">Verfasser/-in</marc:subfield>
   </marc:datafield>
   <marc:datafield ind1=" " ind2=" " tag="653">
      <marc:subfield code="a">Literatur</marc:subfield>
   </marc:datafield>
   <marc:datafield ind1=" " ind2=" " tag="653">
      <marc:subfield code="a">Dramen</marc:subfield>
   </marc:datafield>
   <marc:datafield ind1="0" ind2="0" tag="245">
      <marc:subfield code="a">Die Stücke von Bertolt Brecht in einem Band</marc:subfield>
   </marc:datafield>
   <marc:datafield ind1="0" ind2="0" tag="245">
      <marc:subfield code="c">Bertolt Brecht</marc:subfield>
   </marc:datafield>
   <marc:datafield ind1=" " ind2="1" tag="264">
      <marc:subfield code="a">Frankfurt am Main</marc:subfield>
      <marc:subfield code="b">Suhrkamp</marc:subfield>
      <marc:subfield code="c">1981</marc:subfield>
   </marc:datafield>
   <marc:datafield ind1=" " ind2=" " tag="250">
      <marc:subfield code="a">3. Aufl.</marc:subfield>
   </marc:datafield>
   <marc:datafield ind1="1" ind2=" " tag="520">
      <marc:subfield code="a">Baal - Trommeln in der Nacht - Im Dickicht der Städte - Leben Eduards des Zweiten von England - Mann ist Mann - Die Dreigroschenoper - Aufstieg und Fall der Stadt Mahagonny - Der Ozeanflug - Das Badener Lehrstück vom Einverständnis - Der Jasager und der Neinsager - Die Maßnahme - Die heilige Johanna der Schlachthöfe - Die Ausnahme und die Regel - Die Mutter - Die Rundköpfe und die Spitzköpfe - Die Horatier und die Kuriatier - Furcht und Elend des Dritten Reiches - Die Gewehre der Frau Carrar - Leben des Galilei - Mutter Courage und ihre Kinder - Das Verhör des Lukullus - Der gute Mensch von Sezuan - Herr Puntila und sein Knecht Matti - Der aufhaltsame Aufstieg des Arturo Ui - Die Gesichte der Simone Marchard - Schweyk im Zweiten Weltkrieg - Der kaukasische Kreidekreis - Die Tage der Commune - Turandot oder Der Kongreß der Weißwäscher - Die Kleinbürgerhochzeit - Der Bettler oder Der tote Hund - Er treibt einen Teufel aus - Lux in  Tenebris - Der Fischzug- Dansen - Was kostet das Eisen? - Die sieben Todsünden der Kleinbürger - Das epische Theater</marc:subfield>
   </marc:datafield>
   <marc:datafield ind1=" " ind2=" " tag="300">
      <marc:subfield code="a">1003 S. Inh.</marc:subfield>
   </marc:datafield>
</marc:record>
